[Event "33rd Rilton Cup"]
[Site "Stockholm SWE"]
[Date "2004.01.03"]
[Round "7.6"]
[White "Poley, Vladimir"]
[Black "Ivanov, Sergei"]
[Result "1/2-1/2"]
[WhiteElo "2425"]
[BlackElo "2556"]
[EventDate "2003.12.27"]
[PlyCount "115"]

1.g3 d5 2.Bg2 Nf6 3.Nf3 c6 4.d3 Bg4 5.O-O Nbd7 6.Nbd2 e5 7.e4 Bd6 8.h3 Bh5
9.Qe1 O-O 10.Nh4 Re8 11.Ndf3 a5 12.g4 Bg6 13.Nxg6 hxg6 14.Ng5 dxe4 15.dxe4
Nf8 16.Be3 N6h7 17.Nxh7 Kxh7 18.Rd1 Qe7 19.Qc3 Ne6 20.Rd3 Nf4 21.Bxf4 exf4
22.Rfd1 Be5 23.Qa3 Qxa3 24.bxa3 Re7 25.Rd7 Rae8 26.a4 g5 27.Bf1 g6 28.Bc4 
Kg7 29.Kg2 Kf6 30.R1d3 Rxd7 31.Rxd7 Re7 32.Rxe7 Kxe7 33.Kf3 Kd6 34.Ke2 Kc5
35.Kd3 Kb4 36.Bxf7 Kxa4 37.c3 Ka3 38.Kc2 f3 39.Be6 Bd6 40.Bc8 Bc5 41.Bxb7 
Bxf2 42.Bxc6 Bg3 43.Bd5 f2 44.Bc4 a4 45.Kd2 Kb2 46.Ke2 Kxc3 47.Bb5 Kb2 48.
Kf3 Be5 49.Kxf2 Kxa2 50.Bxa4 Kb2 51.Be8 Kc3 52.Bxg6 Kd4 53.Kf3 Bf6 54.Bf5 
Bd8 55.Bc8 Be7 56.Bb7 Bd8 57.Ba6 Ke5 58.Bf1 1/2-1/2

[Event "33rd Rilton Cup"]
[Site "Stockholm SWE"]
[Date "2004.01.03"]
[Round "7.7"]
[White "Berg, Emanuel"]
[Black "Lindberg, Bosse"]
[Result "1/2-1/2"]
[WhiteElo "2489"]
[BlackElo "2294"]
[EventDate "2003.12.27"]
[PlyCount "189"]

1.e4 e6 2.d4 d5 3.Nc3 Bb4 4.Ne2 Nf6 5.e5 Ne4 6.a3 Nxc3 7.Nxc3 Bxc3+ 8.bxc3
O-O 9.Bd3 f5 10.a4 b6 11.Ba3 Rf7 12.Qe2 a5 13.O-O Ba6 14.Bxa6 Nxa6 15.Rfd1
c6 16.Rab1 Rb7 17.Rb3 Nc7 18.c4 Qd7 19.Rdb1 dxc4 20.Qxc4 b5 21.Qd3 b4 22.
c3 c5 23.Qc4 Rba7 24.Bb2 Qd5 25.Qxd5 Nxd5 26.dxc5 Rc7 27.cxb4 axb4 28.Bd4 
Rxa4 29.Kf1 Kf7 30.Ke2 Ke8 31.Kd3 Kd7 32.Kc4 Kc6 33.Be3 Ra5 34.Bd4 Rca7 
35.h4 Ra2 36.R3b2 R2a3 37.Rb3 R7a4 38.g3 Ra2 39.R1b2 Ra1 40.Rc2 Rd1 41.Be3
Nxe3+ 42.Rxe3 Rd5 43.Ree2 Ra5 44.Kxb4 Rb5+ 45.Kc4 Rbxc5+ 46.Kb4 Rd4+ 47.
Kb3 Rd3+ 48.Kb4 Rxc2 49.Rxc2+ Kd5 50.f4 Rxg3 51.Rc5+ Ke4 52.Rc4+ Kf3 53.
Kc5 Rg6 54.Kd6 Kg4 55.Ke7 Kxh4 56.Rc1 Kg4 57.Rg1+ Kxf4 58.Rxg6 hxg6 59.
Kxe6 Kg5 60.Kf7 f4 61.e6 f3 62.e7 f2 63.e8=Q f1=Q+ 64.Kxg7 Qa1+ 65.Kg8 
Qa2+ 66.Kh7 Qa7+ 67.Kg8 Qc7 68.Qe3+ Qf4 69.Qe7+ Kh5 70.Qh7+ Qh6 71.Qe7 Qf4
72.Qh7+ Kg5 73.Qe7+ Kg4 74.Qe2+ Kf5 75.Qd3+ Qe4 76.Qh3+ Kf6 77.Qc3+ Qe5 
78.Qf3+ Qf5 79.Qc3+ Ke7 80.Qb4+ Kd7 81.Qb7+ Kd6 82.Qb6+ Kd5 83.Kg7 g5 84.
Qb5+ Ke6 85.Qb6+ Ke7 86.Qb4+ Ke6 87.Qb6+ Kd5 88.Qb5+ Ke4 89.Qb1+ Kf4 90.
Qf1+ Kg4 91.Qg1+ Kh4 92.Qe1+ Kg4 93.Qg1+ Kf3 94.Qf1+ Ke4 95.Qb1+ 1/2-1/2

[Event "33rd Rilton Cup"]
[Site "Stockholm SWE"]
[Date "2004.01.03"]
[Round "7.8"]
[White "Taimanov, Mark"]
[Black "Cramling, Pia"]
[Result "1/2-1/2"]
[WhiteElo "2407"]
[BlackElo "2470"]
[EventDate "2003.12.27"]
[PlyCount "62"]

1.c4 e5 2.Nc3 Nf6 3.e3 Bb4 4.Nge2 c6 5.d4 exd4 6.Nxd4 c5 7.Nb5 d5 8.a3 
Bxc3+ 9.Nxc3 d4 10.Na4 O-O 11.Be2 Qe7 12.exd4 cxd4 13.Qxd4 Nc6 14.Qe3 Qd7 
15.Qd3 Qxd3 16.Bxd3 Rd8 17.Be2 Nd4 18.Bd1 Bf5 19.Be3 Rac8 20.Rc1 Ng4 21.
Bxg4 Bxg4 22.f3 Be6 23.Kf2 Nb3 24.Rcd1 b6 25.c5 bxc5 26.Nxc5 Nxc5 27.Bxc5 
h6 28.b4 a6 29.h4 Bc4 30.Rxd8+ Rxd8 31.Rc1 Bb3 1/2-1/2

[Event "33rd Rilton Cup"]
[Site "Stockholm SWE"]
[Date "2004.01.03"]
[Round "7.11"]
[White "Milanovic, Danilo"]
[Black "Acs, Peter"]
[Result "0-1"]
[WhiteElo "2446"]
[BlackElo "2593"]
[EventDate "2003.12.27"]
[PlyCount "120"]

1.Nf3 Nf6 2.c4 g6 3.b3 Bg7 4.Bb2 O-O 5.d3 d6 6.Nbd2 e5 7.e3 Nc6 8.a3 a5 9.
Qc2 Re8 10.Be2 Bf5 11.Ne4 Nd7 12.h3 h6 13.Nfd2 Be6 14.Nc3 Ne7 15.O-O c6 
16.Nce4 Qb8 17.c5 d5 18.Nd6 Rd8 19.d4 b6 20.b4 Nf5 21.Nxf5 Bxf5 22.Qc1 
bxc5 23.bxc5 Re8 24.Nf3 Be4 25.Bc3 Qc7 26.Rd1 Reb8 27.Nd2 Bf5 28.Nf1 h5 
29.Ng3 Be6 30.Qd2 h4 31.Nf1 Bf5 32.Rdc1 Nf6 33.Bf3 Nh7 34.Qe1 Ng5 35.Nd2 
Ne6 36.dxe5 Nxc5 37.Be2 Na4 38.Bd4 c5 39.Bd1 Qb6 40.Bxa4 cxd4 41.exd4 Qxd4
42.Bc6 Qxe5 43.Qxe5 Bxe5 44.Bxa8 Bxa1 45.Rxa1 Rxa8 46.Rc1 Kf8 47.Rc5 Be6 
48.a4 Ke7 49.Nb3 Kd6 50.Rxa5 Rxa5 51.Nxa5 Kc5 52.Nb7+ Kb6 53.Nd8 Ka5 54.
Kf1 Kxa4 55.Nc6 Kb3 56.Ke2 Kc3 57.Ke3 Bc8 58.Nd4 Ba6 59.g3 g5 60.gxh4 gxh4
0-1

[Event "33rd Rilton Cup"]
[Site "Stockholm SWE"]
[Date "2004.01.03"]
[Round "7.12"]
[White "Braun, Arik"]
[Black "Nataf, Igor-Alexandre"]
[Result "1/2-1/2"]
[WhiteElo "2440"]
[BlackElo "2561"]
[EventDate "2003.12.27"]
[PlyCount "105"]

1.d4 Nf6 2.c4 g6 3.Nc3 Bg7 4.e4 d6 5.f3 O-O 6.Be3 c5 7.dxc5 dxc5 8.Qxd8 
Rxd8 9.Bxc5 Nc6 10.Nd5 Nd7 11.Bxe7 Nxe7 12.Nxe7+ Kf8 13.Nd5 Bxb2 14.Rb1 
Bg7 15.Ne2 b6 16.Nec3 Nc5 17.Be2 Be6 18.Kd2 Rac8 19.Rhd1 Rd7 20.Ke3 Nb7 
21.Nb5 Na5 22.Rbc1 f5 23.Nd4 Bf7 24.Kd3 Rc5 25.g4 Nc6 26.Nxc6 Rxc6 27.a4 
Rc5 28.Rc2 Rd6 29.Ra2 Rdc6 30.Kc2 Ra5 31.Kb3 Rcc5 32.Bd3 Rc6 33.Rg1 Bd4 
34.Rg3 f4 35.Nxf4 b5 36.Nd5 bxc4+ 37.Bxc4 Rac5 38.Rc2 Rc8 39.Rgg2 Rb8+ 40.
Ka2 Rbc8 41.Bb3 Rxc2+ 42.Bxc2 Rc5 43.Bb3 Rc1 44.Bc2 Rf1 45.Rd2 Be5 46.Bd1 
Rh1 47.Kb3 Rxh2 48.Rxh2 Bxd5+ 49.exd5 Bxh2 50.Kc4 g5 51.Kd4 Ke7 52.Ke4 Kf6
53.Be2 1/2-1/2

[Event "33rd Rilton Cup"]
[Site "Stockholm SWE"]
[Date "2004.01.03"]
[Round "7.14"]
[White "Nyback, Tomi"]
[Black "Soderberg, Per"]
[Result "1-0"]
[WhiteElo "2497"]
[BlackElo "2254"]
[EventDate "2003.12.27"]
[PlyCount "67"]

1.Nf3 c5 2.c4 Nc6 3.d4 cxd4 4.Nxd4 Nf6 5.g3 g6 6.Bg2 Bg7 7.O-O O-O 8.Nc3 
Nxd4 9.Qxd4 d6 10.Qd3 Nd7 11.b3 Qa5 12.Bd2 Ne5 13.Qc2 Bf5 14.e4 Bg4 15.Nd5
Qd8 16.Bc3 Bd7 17.Rad1 Rc8 18.Qb2 f6 19.f4 Nc6 20.Kh1 Rf7 21.Rd2 h5 22.
Rdf2 Kh7 23.f5 g5 24.Qe2 Bh6 25.Qxh5 Rg7 26.Bf3 Qg8 27.Bxf6 Be8 28.Qg4 Rf7
29.Bc3 Bd7 30.Qh3 Ne5 31.Bxe5 dxe5 32.Bh5 Rc6 33.Bg6+ Kg7 34.Qh5 1-0

[Event "33rd Rilton Cup"]
[Site "Stockholm SWE"]
[Date "2004.01.03"]
[Round "7.16"]
[White "Volke, Karsten"]
[Black "Agafonovs, Jurijs"]
[Result "1-0"]
[WhiteElo "2467"]
[BlackElo "2213"]
[EventDate "2003.12.27"]
[PlyCount "55"]

1.c4 c5 2.Nf3 Nc6 3.d4 cxd4 4.Nxd4 Nf6 5.g3 Qb6 6.Nc2 e6 7.Bg2 d5 8.O-O 
dxc4 9.Nba3 Qa6 10.b3 c3 11.Nc4 Nd5 12.N2e3 Ncb4 13.a3 Nxe3 14.Bxe3 Nd5 
15.Bd4 f6 16.e4 Nb6 17.Nxb6 axb6 18.Re1 e5 19.Bxc3 Bd7 20.Bf1 b5 21.a4 Qd6
22.axb5 Rxa1 23.Qxa1 Kf7 24.Rd1 Qc7 25.Ba5 Qc8 26.Rc1 Qe8 27.Rc7 Be7 28.
Qd1 1-0

[Event "33rd Rilton Cup"]
[Site "Stockholm SWE"]
[Date "2004.01.03"]
[Round "7.18"]
[White "Fries-Nielsen, Jens Ove"]
[Black "Henriksson, Jacob"]
[Result "1/2-1/2"]
[WhiteElo "2436"]
[BlackElo "2187"]
[EventDate "2003.12.27"]
[PlyCount "56"]

1.Nf3 Nf6 2.g3 b6 3.Bg2 Bb7 4.O-O e6 5.d3 d5 6.Nc3 Be7 7.e4 dxe4 8.Nd2 c5 
9.dxe4 Nc6 10.e5 Nd7 11.Nc4 Na5 12.Bxb7 Nxb7 13.Qg4 Kf8 14.Qe4 Qc8 15.Rd1 
h5 16.Nb5 Nd8 17.a4 Nc6 18.Ra3 f5 19.exf6 Nxf6 20.Qf3 Kg8 21.Bg5 Nd5 22.
Rxd5 exd5 23.Qxd5+ Kh7 24.Bxe7 Nxe7 25.Qe4+ Ng6 26.Ncd6 Qg4 27.Qd3 Qb4 28.
Qf5 Qg4 1/2-1/2

[Event "33rd Rilton Cup"]
[Site "Stockholm SWE"]
[Date "2004.01.03"]
[Round "7.19"]
[White "Livner, Anders"]
[Black "Gagarin, Vasily"]
[Result "1/2-1/2"]
[WhiteElo "2242"]
[BlackElo "2439"]
[EventDate "2003.12.27"]
[PlyCount "105"]

1.d4 d5 2.c4 c6 3.Nf3 Nf6 4.e3 e6 5.Nbd2 c5 6.dxc5 Bxc5 7.cxd5 exd5 8.Nb3 
Bb6 9.Be2 O-O 10.O-O Nc6 11.Bd2 Ne4 12.Rc1 Re8 13.Bc3 Qd6 14.Nbd4 Bg4 15.
Nb5 Qh6 16.Bd4 Ba5 17.Bc3 Bb6 18.Bd4 Bd8 19.Bc3 a6 20.Nbd4 Bc7 21.g3 Bh3 
22.Qb3 Bxf1 23.Rxf1 Nxd4 24.Nxd4 Nxc3 25.bxc3 b5 26.Bf3 Qf6 27.Bxd5 Rac8 
28.Bb7 Rb8 29.Bg2 Bb6 30.Nc6 Rbc8 31.Nb4 Ba5 32.Nd5 Qe5 33.a4 Rb8 34.Rd1 
h6 35.Qa3 Bd8 36.axb5 axb5 37.Rb1 Bf6 38.Qa5 Kh8 39.h4 Qf5 40.e4 Qe5 41.
Rxb5 Ra8 42.Qc7 Ra1+ 43.Kh2 Qxc7 44.Nxc7 Rc8 45.Nd5 Bxc3 46.Bh3 Rc4 47.
Nxc3 Rxc3 48.Rb8+ Kh7 49.Rb7 Kg8 50.Rb8+ Kh7 51.Rb7 Kg6 52.Rb6+ Kh7 53.Rb7
1/2-1/2

[Event "33rd Rilton Cup"]
[Site "Stockholm SWE"]
[Date "2004.01.03"]
[Round "7.21"]
[White "Edlund, Robin"]
[Black "Lukin, Andrei"]
[Result "0-1"]
[WhiteElo "2227"]
[BlackElo "2431"]
[EventDate "2003.12.27"]
[PlyCount "78"]

1.e4 c5 2.Nf3 Nc6 3.d4 cxd4 4.Nxd4 Nf6 5.Nc3 d6 6.Bc4 Bd7 7.O-O g6 8.Bg5 
Bg7 9.Nxc6 bxc6 10.Qe2 Qa5 11.f4 O-O 12.Rae1 Qb6+ 13.Kh1 Qxb2 14.Qd2 Qb4 
15.Qd3 Rab8 16.Bb3 Rfe8 17.e5 Bf5 18.Qg3 Nd7 19.Nd1 h6 20.Bh4 Nc5 21.Ne3 
Ne4 22.Qf3 Nd2 23.Qe2 Nxf1 24.Nxf5 gxf5 25.e6 d5 26.exf7+ Kxf7 27.Qe6+ Kf8
28.Rxf1 Qe4 29.Qxc6 Rb6 30.Qd7 Rd6 31.Qc7 Rg6 32.Bg3 Rxg3 33.hxg3 Qe2 34.
Rf3 Qe1+ 35.Kh2 Bd4 36.g4 fxg4 37.Qd7 Bg1+ 38.Kh1 Bf2+ 39.Kh2 Qg1# 0-1

[Event "33rd Rilton Cup"]
[Site "Stockholm SWE"]
[Date "2004.01.03"]
[Round "7.22"]
[White "Forsberg, Viktor"]
[Black "Gullaksen, Eirik"]
[Result "0-1"]
[WhiteElo "2153"]
[BlackElo "2370"]
[EventDate "2003.12.27"]
[PlyCount "70"]

1.c4 g6 2.g3 Bg7 3.Bg2 d6 4.Nc3 e5 5.e4 Nc6 6.Nge2 Be6 7.d3 Nge7 8.O-O O-O
9.Nd5 f5 10.Be3 Qd7 11.Qd2 Rf7 12.f3 Raf8 13.Rae1 Nc8 14.exf5 Bxf5 15.d4 
Bh3 16.Ndc3 Bxg2 17.Kxg2 exd4 18.Nxd4 Ne5 19.f4 Nxc4 20.Qe2 Nxe3+ 21.Qxe3 
d5 22.Qd3 Bxd4 23.Qxd4 c6 24.Re5 Re8 25.Rfe1 Rxe5 26.Rxe5 Re7 27.Rg5 Nd6 
28.Re5 b6 29.b4 Nf5 30.Qd3 Rxe5 31.fxe5 d4 32.Qc4+ Kg7 33.Nd1 c5 34.bxc5 
Qc6+ 35.Kg1 bxc5 0-1

[Event "33rd Rilton Cup"]
[Site "Stockholm SWE"]
[Date "2004.01.03"]
[Round "7.24"]
[White "Dalmau, Joergen"]
[Black "Molander, Riku"]
[Result "0-1"]
[WhiteElo "2003"]
[BlackElo "2341"]
[EventDate "2003.12.27"]
[PlyCount "64"]

1.e4 c5 2.Nf3 g6 3.Bc4 Bg7 4.O-O Nc6 5.c3 e6 6.d4 cxd4 7.Nxd4 a6 8.Nxc6 
bxc6 9.Qd6 Qe7 10.Qg3 d5 11.Bd3 Qb7 12.f4 Nf6 13.Nd2 O-O 14.e5 Nd7 15.Nf3 
f6 16.Bd2 Qxb2 17.Rae1 f5 18.Rb1 Qa3 19.h4 Nc5 20.Bc2 a5 21.Nd4 Ba6 22.
Rfe1 Qxa2 23.Ra1 Qc4 24.Rxa5 Bb5 25.Rea1 Rxa5 26.Rxa5 Kh8 27.Ra7 Qf1+ 28.
Kh2 Bd3 29.Bxd3 Nxd3 30.Rxg7 Nf2 31.Rxh7+ Kxh7 32.Qg5 Qh1+ 0-1

[Event "33rd Rilton Cup"]
[Site "Stockholm SWE"]
[Date "2004.01.03"]
[Round "7.25"]
[White "Bromann, Thorbjorn"]
[Black "Kosmo, Santul"]
[Result "1-0"]
[WhiteElo "2323"]
[BlackElo "2218"]
[EventDate "2003.12.27"]
[PlyCount "74"]

1.c4 e5 2.g3 Nf6 3.Bg2 d5 4.cxd5 Nxd5 5.Nf3 Nc6 6.O-O Be7 7.d4 e4 8.Ne5 f5
9.Nxc6 bxc6 10.Qa4 Bd7 11.Qc2 O-O 12.Nd2 Bf6 13.Nb3 Kh8 14.Rd1 Rb8 15.a3 
Be8 16.Na5 Rb6 17.b4 Qe7 18.Nc4 Rb5 19.Bb2 e3 20.f4 g5 21.fxg5 Bxg5 22.Ne5
Rb6 23.Qc5 Qg7 24.Kh1 Be7 25.Qc4 Bd6 26.Qd3 f4 27.g4 Qg5 28.Be4 Rf6 29.Rg1
Rh6 30.Rg2 Kg7 31.Rf1 Rh3 32.Bf5 Rb8 33.Nf3 Qe7 34.g5 Bg6 35.Ne5 Qe8 36.
Nxg6 hxg6 37.Bxh3 Qh8 1-0

[Event "33rd Rilton Cup"]
[Site "Stockholm SWE"]
[Date "2004.01.03"]
[Round "7.26"]
[White "Eriksson, Jonas"]
[Black "Leino, Jukka"]
[Result "1-0"]
[WhiteElo "2296"]
[BlackElo "2204"]
[EventDate "2003.12.27"]
[PlyCount "33"]

1.d4 Nf6 2.Nc3 d5 3.Bg5 Nbd7 4.e3 g6 5.Nf3 Bg7 6.Be2 O-O 7.h4 c5 8.h5 cxd4
9.exd4 Ne4 10.hxg6 fxg6 11.Nxe4 dxe4 12.Bc4+ Kh8 13.Nh4 Qb6 14.Bxe7 Ne5 
15.Bc5 Qc6 16.dxe5 Bf5 17.Bxf8 1-0

[Event "33rd Rilton Cup"]
[Site "Stockholm SWE"]
[Date "2004.01.03"]
[Round "7.29"]
[White "Franssila, Tommi"]
[Black "Osttveit, Martin"]
[Result "1-0"]
[WhiteElo "2273"]
[BlackElo "2075"]
[EventDate "2003.12.27"]
[PlyCount "121"]

1.d4 g6 2.e4 Bg7 3.Nc3 d6 4.Bg5 Nd7 5.Qd2 c6 6.f4 Qa5 7.Nf3 e5 8.fxe5 dxe5
9.d5 Ngf6 10.dxc6 bxc6 11.Qd6 Rb8 12.O-O-O Qb6 13.Qa3 h6 14.Bd2 Qc7 15.Be3
a5 16.Qd6 Qb7 17.b3 Bf8 18.Qd3 Ba3+ 19.Kb1 O-O 20.Bxh6 Re8 21.Ng5 Nc5 22.
Qd8 Qe7 23.Qxe7 Rxe7 24.Rd8+ Re8 25.Rxe8+ Nxe8 26.Be2 Nd6 27.Rd1 Ne6 28.
Nxe6 Bxe6 29.Bc1 Bb4 30.Bb2 f6 31.a3 Bc5 32.Na4 Nb7 33.Nxc5 Nxc5 34.Bf3 
Kf7 35.a4 Na6 36.Bc1 Rc8 37.Bd2 Nb4 38.Bxb4 axb4 39.Kc1 Ke7 40.Kd2 c5 41.
Be2 Ra8 42.Ra1 Ra5 43.Bb5 Kd8 44.Ke3 Ke7 45.h4 f5 46.exf5 gxf5 47.g4 fxg4 
48.Ke4 g3 49.Rg1 Ra8 50.Rxg3 Rd8 51.Kxe5 Rd5+ 52.Kf4 Rf5+ 53.Ke3 Rh5 54.
Rg5 Rxh4 55.Rxc5 Rh3+ 56.Kd2 Bxb3 57.cxb3 Rxb3 58.Kc2 Rf3 59.Rc4 b3+ 60.
Kb2 Kd6 61.Rc3 1-0

[Event "33rd Rilton Cup"]
[Site "Stockholm SWE"]
[Date "2004.01.03"]
[Round "7.31"]
[White "Andersson, Fredrik"]
[Black "Bellon Lopez, Juan Manuel"]
[Result "1-0"]
[WhiteElo "2164"]
[BlackElo "2423"]
[EventDate "2003.12.27"]
[PlyCount "37"]

1.e4 g6 2.d4 Bg7 3.Nc3 d6 4.Nf3 a6 5.a4 Nd7 6.Bc4 e6 7.O-O Ne7 8.Bf4 O-O 
9.Qd2 Nc6 10.Bh6 Nb6 11.Bxg7 Nxc4 12.Qh6 f6 13.Bxf8 Qxf8 14.Qxf8+ Kxf8 15.
b3 Nb6 16.a5 Nd7 17.d5 Nb4 18.Ra4 c5 19.dxe6 1-0

[Event "33rd Rilton Cup"]
[Site "Stockholm SWE"]
[Date "2004.01.03"]
[Round "7.32"]
[White "Miskulin, Dennis"]
[Black "Netzer, Jean"]
[Result "1-0"]
[WhiteElo "2156"]
[BlackElo "2268"]
[EventDate "2003.12.27"]
[PlyCount "117"]

1.e4 e6 2.d4 d5 3.Nc3 Nf6 4.e5 Nfd7 5.f4 c5 6.Nf3 a6 7.Be3 Qb6 8.Rb1 Nc6 
9.Qd2 Qa7 10.g3 b5 11.dxc5 Bxc5 12.Bxc5 Nxc5 13.Nd4 Bb7 14.Bg2 O-O 15.Nxc6
Bxc6 16.Qd4 Rfd8 17.O-O b4 18.Ne2 Bb5 19.Rfe1 Rdc8 20.b3 a5 21.c4 bxc3 22.
Nxc3 Ba6 23.Bf1 Bxf1 24.Rxf1 Qa6 25.Rfd1 Rab8 26.Rbc1 Rb4 27.Qd2 Qb6 28.
Qf2 Nd7 29.Na4 Qxf2+ 30.Kxf2 Rbb8 31.Ke3 Kf8 32.Kd2 Ke7 33.Kd3 f6 34.exf6+
gxf6 35.Ke3 Kd6 36.Nb2 e5 37.Nc4+ Ke6 38.f5+ Ke7 39.Rxd5 Nb6 40.Rxa5 Nxc4+
41.Rxc4 Rxc4 42.bxc4 Rb7 43.c5 Rd7 44.Ra6 Rc7 45.Re6+ Kf7 46.c6 Ra7 47.Rd6
Rxa2 48.Rd7+ Ke8 49.Rxh7 Kd8 50.Ke4 Ra5 51.h4 Rc5 52.c7+ Kc8 53.Rg7 Rc4+ 
54.Kd5 Rd4+ 55.Ke6 e4 56.Kxf6 Rd7 57.Rg8+ Kxc7 58.Re8 Rd3 59.Rxe4 1-0

[Event "33rd Rilton Cup"]
[Site "Stockholm SWE"]
[Date "2004.01.03"]
[Round "7.34"]
[White "Namini, Armin"]
[Black "Malmstig, Erik"]
[Result "1-0"]
[WhiteElo "2086"]
[BlackElo "2277"]
[EventDate "2003.12.27"]
[PlyCount "80"]

1.d4 Nf6 2.c4 c5 3.d5 b5 4.cxb5 a6 5.f3 e6 6.e4 c4 7.Nc3 axb5 8.Nxb5 Ba6 
9.Nc3 Qb6 10.Be2 Bc5 11.Kf1 Qa7 12.g3 O-O 13.Kg2 d6 14.Nh3 Nbd7 15.Bf4 Nb6
16.dxe6 fxe6 17.Bxd6 Rfd8 18.Bxc5 Rxd1 19.Rhxd1 Qc7 20.Ba3 Bb7 21.Ng5 Re8 
22.Rd6 Bc8 23.Rad1 Bd7 24.Bb4 Qb7 25.a3 h6 26.Nh3 e5 27.Nf2 Kh7 28.Rc1 Rc8
29.Nfd1 Qa7 30.Ne3 Na4 31.Nxc4 Rxc4 32.Bxc4 Nxb2 33.Be2 Qe3 34.Rc2 Na4 35.
Nd5 Nxd5 36.Rxd5 Be6 37.Rd3 Qb6 38.Rd6 Qe3 39.Rxe6 Qb3 40.Rec6 Nb2 1-0

[Event "33rd Rilton Cup"]
[Site "Stockholm SWE"]
[Date "2004.01.03"]
[Round "7.35"]
[White "Hammar, Ulf"]
[Black "Friberg, Hans"]
[Result "0-1"]
[WhiteElo "2100"]
[BlackElo "2243"]
[EventDate "2003.12.27"]
[PlyCount "82"]

1.e4 e6 2.d3 d5 3.Nd2 c5 4.Ngf3 g6 5.g3 Bg7 6.Bg2 Ne7 7.O-O Nbc6 8.Re1 O-O
9.e5 f6 10.exf6 Bxf6 11.Nf1 Bg7 12.c3 e5 13.Be3 Qd6 14.Qd2 Nf5 15.g4 Nxe3 
16.Nxe3 Bd7 17.h3 Rae8 18.a3 Rf4 19.Nxd5 Qxd5 20.Nxe5 Qxe5 21.Rxe5 Bxe5 
22.Re1 Rff8 23.Bd5+ Kg7 24.Re4 Bd6 25.Qe2 Rxe4 26.dxe4 Ne5 27.Bxb7 Rf3 28.
Kg2 h5 29.Qd2 Rd3 30.Qe2 hxg4 31.Ba6 gxh3+ 32.Kh1 Bg4 33.Bxd3 Bxe2 34.Bxe2
g5 35.b4 cxb4 36.axb4 g4 37.Ba6 Kf6 38.Bc8 Kg5 39.b5 Kf4 40.Kh2 Kf3 41.Kg1
Nd3 0-1

[Event "33rd Rilton Cup"]
[Site "Stockholm SWE"]
[Date "2004.01.03"]
[Round "7.37"]
[White "Larsen, Tor Kristian"]
[Black "Carlsson, Nils"]
[Result "1/2-1/2"]
[WhiteElo "1990"]
[BlackElo "2233"]
[EventDate "2003.12.27"]
[PlyCount "120"]

1.Nf3 Nf6 2.c4 d6 3.d4 Nbd7 4.Nc3 e5 5.e4 Be7 6.Be2 O-O 7.O-O h6 8.Be3 c6 
9.Qc2 Qc7 10.Rfd1 Rd8 11.Rac1 Nf8 12.c5 dxc5 13.dxe5 Rxd1+ 14.Rxd1 N6d7 
15.Bf4 Ne6 16.Bg3 Ndf8 17.Nd5 cxd5 18.exd5 Qa5 19.dxe6 Bxe6 20.b3 b5 21.
Nd2 Rd8 22.f4 c4 23.bxc4 bxc4 24.Ne4 Rxd1+ 25.Bxd1 Qb4 26.Bf2 a5 27.g4 Bd5
28.Bf3 c3 29.Kg2 Ne6 30.Kg3 Qb2 31.Qxc3 Qxa2 32.Qd2 Qxd2 33.Nxd2 Bxf3 34.
Kxf3 Nxf4 35.Nc4 Nd3 36.Nxa5 Nxe5+ 37.Kg3 Bd6 38.Kh3 Nd3 39.Be3 Kh7 40.Nc4
Bc7 41.Kg2 Kg6 42.h3 h5 43.Nd2 f6 44.Nf3 Kf7 45.gxh5 Bf4 46.Bb6 Bc1 47.Bc7
Kg8 48.Nh4 Bf4 49.Bb6 Bg5 50.Ng6 Kh7 51.Kf3 Kh6 52.Kg4 Bc1 53.Ba7 Ne5+ 54.
Nxe5 fxe5 55.Kf5 Bf4 56.Bb8 Kxh5 57.Bxe5 Bxe5 58.Kxe5 Kg5 59.Ke4 Kh4 60.
Kf5 Kxh3 1/2-1/2

[Event "33rd Rilton Cup"]
[Site "Stockholm SWE"]
[Date "2004.01.03"]
[Round "7.38"]
[White "Kopasov, Evgeny"]
[Black "Luna, Gustavo"]
[Result "1-0"]
[WhiteElo "2154"]
[BlackElo "2136"]
[EventDate "2003.12.27"]
[PlyCount "81"]

1.d4 Nf6 2.c4 g6 3.Nc3 Bg7 4.e4 d6 5.Nf3 O-O 6.Be2 e5 7.O-O Nc6 8.d5 Ne7 
9.b4 Nh5 10.Re1 Nf4 11.Bf1 h6 12.c5 g5 13.a4 Neg6 14.Be3 Bg4 15.h3 Bd7 16.
b5 g4 17.hxg4 Bxg4 18.g3 f5 19.exf5 Rxf5 20.gxf4 exf4 21.Bd2 Rg5 22.Nxg5 
Bxd1 23.Ne6 Qh4 24.Raxd1 Be5 25.Rxe5 Nxe5 26.Bxf4 Kh8 27.Bg2 Rg8 28.Bg3 
Qc4 29.Ne4 Qxa4 30.Rd4 Qa1+ 31.Kh2 Qb2 32.cxd6 cxd6 33.Nxd6 Nd7 34.Be4 Rf8
35.Nxf8 Qxd4 36.Nxd7 Qb4 37.Be5+ Kg8 38.Nf6+ Kf8 39.Nd7+ Ke7 40.Nf6 Qd2 
41.Nf5+ 1-0

[Event "33rd Rilton Cup"]
[Site "Stockholm SWE"]
[Date "2004.01.03"]
[Round "7.41"]
[White "Ong, Kezli"]
[Black "Estegaard, Thomas"]
[Result "1-0"]
[WhiteElo "2184"]
[BlackElo "2105"]
[EventDate "2003.12.27"]
[PlyCount "129"]

1.e4 c5 2.Nf3 Nc6 3.d4 cxd4 4.Nxd4 Nf6 5.Nc3 d6 6.Bg5 e6 7.Qd2 a6 8.O-O-O 
h6 9.Be3 Bd7 10.f4 b5 11.Bd3 Be7 12.Kb1 Qc7 13.Bxb5 axb5 14.Ndxb5 Qb8 15.
Nxd6+ Bxd6 16.Qxd6 Qxd6 17.Rxd6 Na5 18.b3 Bc6 19.Bb6 Bxe4 20.Re1 Bf5 21.
Nb5 Ke7 22.Bc5 Ne4 23.Rxe4 Bxe4 24.Rd4+ Kf6 25.Rxe4 Kg6 26.Nd6 Rhd8 27.g4 
Rd7 28.f5+ exf5 29.Nxf5 Nc6 30.h4 h5 31.Ng3 hxg4 32.Rxg4+ Kh7 33.h5 Ne5 
34.Re4 f6 35.Bd4 Nf3 36.Bc3 Nd2+ 37.Bxd2 Rxd2 38.Rc4 Rad8 39.a4 R8d5 40.
Kb2 f5 41.Rf4 g6 42.hxg6+ Kxg6 43.b4 Kg5 44.Rxf5+ Rxf5 45.Ne4+ Kf4 46.Nxd2
Ke5 47.Kc3 Kd5 48.Kd3 Rh5 49.c4+ Kc6 50.Kd4 Rh1 51.b5+ Kc7 52.a5 Rd1 53.
Kc3 Rc1+ 54.Kb4 Rd1 55.Ne4 Rh1 56.Nc3 Kb7 57.Nd5 Rb1+ 58.Kc5 Rh1 59.a6+ 
Ka7 60.Nc3 Rh5+ 61.Kb4 Rh4 62.Na4 Rg4 63.Nc5 Kb6 64.Nd7+ Ka7 65.Ka5 1-0

[Event "33rd Rilton Cup"]
[Site "Stockholm SWE"]
[Date "2004.01.03"]
[Round "7.42"]
[White "Nygren, David"]
[Black "Johansson, Robin (1)"]
[Result "0-1"]
[WhiteElo "2186"]
[BlackElo "2095"]
[EventDate "2003.12.27"]
[PlyCount "78"]

1.e4 Nc6 2.Nf3 f5 3.exf5 d5 4.d4 Bxf5 5.a3 Nf6 6.c4 e6 7.Nc3 Be7 8.Qb3 O-O
9.cxd5 exd5 10.Bb5 Kh8 11.Be3 a6 12.Be2 b5 13.O-O Na5 14.Qd1 Nc4 15.Bc1 
Bd6 16.b3 Nb6 17.Bg5 Qe8 18.Nh4 Bd7 19.Bf3 Ne4 20.Nxe4 dxe4 21.Re1 Rxf3 
22.gxf3 Qh5 23.f4 Bg4 24.Qc2 h6 25.Qxe4 hxg5 26.Ng6+ Kg8 27.Rac1 gxf4 28.
Rc5 Bxc5 29.dxc5 Bf3 30.Ne7+ Kh8 31.Ng6+ Kh7 32.Nf8+ Kg8 33.Qe6+ Kxf8 34.
Re5 Qg4+ 35.Qxg4 Bxg4 36.cxb6 cxb6 37.f3 Bxf3 38.Rf5+ Ke7 39.Rxf4 Bd5 0-1

[Event "33rd Rilton Cup"]
[Site "Stockholm SWE"]
[Date "2004.01.03"]
[Round "7.43"]
[White "Lappalainen, Tommy"]
[Black "Jantti, Petri"]
[Result "1-0"]
[WhiteElo "2194"]
[BlackElo "2087"]
[EventDate "2003.12.27"]
[PlyCount "85"]

1.c4 Nf6 2.g3 e6 3.Bg2 d5 4.Nf3 Be7 5.O-O O-O 6.d4 dxc4 7.Ne5 Nc6 8.Nxc6 
bxc6 9.Bxc6 Rb8 10.Qa4 Qxd4 11.Rd1 Qc5 12.Be3 Qh5 13.Bf3 Ng4 14.h4 Qf5 15.
Bd4 e5 16.Bxa7 Rxb2 17.Qxc4 c5 18.Nc3 Rb4 19.Nd5 Rxc4 20.Nxe7+ Kh8 21.Nxf5
Bxf5 22.Rdc1 Ra4 23.Bxc5 Rc8 24.a3 e4 25.Bg2 Ne5 26.Bb4 Raa8 27.Rc3 Rxc3 
28.Bxc3 Nc4 29.a4 Bg6 30.a5 f5 31.Bh3 Kg8 32.h5 Bxh5 33.Bxf5 Nd6 34.Be6+ 
Bf7 35.Bh3 Bc4 36.Bf1 Nb5 37.Bb2 Ra6 38.Ra4 Nd6 39.Be5 Bb5 40.Rb4 Be8 41.
e3 Rc6 42.a6 Nc8 43.Rb7 1-0

[Event "33rd Rilton Cup"]
[Site "Stockholm SWE"]
[Date "2004.01.03"]
[Round "7.44"]
[White "Malysheva, Polina"]
[Black "Krantz, Christopher"]
[Result "1-0"]
[WhiteElo "2157"]
[BlackElo "1919"]
[EventDate "2003.12.27"]
[PlyCount "120"]

1.e4 e6 2.d4 d5 3.e5 c5 4.c3 Nc6 5.Nf3 f6 6.exf6 Nxf6 7.Bd3 cxd4 8.cxd4 
Bd6 9.O-O O-O 10.Re1 Qc7 11.Nc3 a6 12.Bg5 Bd7 13.Rc1 Rac8 14.a3 b5 15.a4 
b4 16.Nb5 axb5 17.axb5 Qb6 18.bxc6 Rxc6 19.Ra1 Rcc8 20.Ra6 Qc7 21.Qa1 Qb8 
22.Qb1 h6 23.Bh4 Qc7 24.Ne5 Bxe5 25.dxe5 Ne8 26.Qd1 Bc6 27.Qg4 Qf7 28.Bg6 
Qd7 29.Qxb4 Nc7 30.Ra7 Ra8 31.Rea1 Rab8 32.Qc5 Rfc8 33.Rc1 Bb7 34.Qe3 d4 
35.Qg3 Na6 36.Rxc8+ Rxc8 37.h3 Qc6 38.Bd3 g5 39.Bxg5 hxg5 40.Qxg5+ Kf8 41.
Bxa6 Qc1+ 42.Qxc1 Rxc1+ 43.Kh2 Bd5 44.Bd3 Rd1 45.Ra3 Rd2 46.Kg3 Rxb2 47.
Ra4 Rb3 48.Rxd4 Kg7 49.f3 Rb7 50.Bc4 Bxc4 51.Rxc4 Kg6 52.Rf4 Kh5 53.Rf8 
Rb5 54.f4 Rb3+ 55.Kh2 Rb2 56.Rh8+ Kg6 57.Kg3 Kf5 58.Rf8+ Ke4 59.h4 Rb7 60.
h5 Rg7+ 1-0

[Event "33rd Rilton Cup"]
[Site "Stockholm SWE"]
[Date "2004.01.03"]
[Round "7.45"]
[White "Martinsen, Stig"]
[Black "Marttala, Thomas"]
[Result "0-1"]
[WhiteElo "2117"]
[BlackElo "2227"]
[EventDate "2003.12.27"]
[PlyCount "64"]

1.f4 g6 2.Nf3 Bg7 3.g3 d5 4.Bg2 c6 5.O-O Qb6+ 6.d4 Nh6 7.e3 O-O 8.Nc3 Bg4 
9.h3 Bxf3 10.Qxf3 Nd7 11.b3 Nf5 12.Bb2 e6 13.Rfd1 c5 14.Ne2 Rfc8 15.Rac1 
Qa6 16.a3 cxd4 17.Nxd4 Nd6 18.Qf1 Qb6 19.Rb1 Nc5 20.Kh2 Nce4 21.Qe2 Nc3 
22.Bxc3 Rxc3 23.Rd3 Rac8 24.Rxc3 Rxc3 25.Qd2 Qc7 26.Rc1 a6 27.Ne2 Rc5 28.
Nd4 h5 29.a4 h4 30.g4 e5 31.fxe5 Ne4 32.Bxe4 Qxe5+ 0-1